00789nam a2200217Ia 4500003000900000008004100009020001800050040001600068080001900084100002800103245016100131260002900292300001000321650004100331650001900372650002800391650002500419942000700444999001500451952010500466IN-BaIIA211028s9999 xx 000 0 eng d a0-86101-075-2 cIIA Library a031:52-87bGAT aGatland, Kenneth913430 4aThe Illustrated encyclopaedia of space technologyba comprehensive history of space explorationcKenneth Gatland  aLondonbSalamanderc1982 a293p. aEncyclopedia-Space Technology913431 aNASA Thesaurus aSpace Exploration95072 aSpace Research93844 cBK c7960d7960 00104070aBANbBANcGENd1984-10-15l0o031:52-87/ GATp8783r2021-11-05w1984-10-15yBKG£ 11.95